000 01183nam a2200241Ia 4500
003 OSt
005 20220923213723.0
006 a|||||r|||| 00| 0
007 ta
008 220922b |||||||| |||| 00| 0 hin d
024 _a164,205
037 _cTextual
040 _aARTS
_cARTS
_bhin
041 _2hin
_ahin
082 _aO152,1M89,18:g, K8
100 _aकौशिक, देवदत
_9156290
245 0 _aकामायनी की परख* पाठालोचन तथा पारिभाषिक शबदावली' - दो सर्वथा नूतन शोधात्मक निबंधों सहति कामायनी की सर्वांगीण विशद समीक्षा परीक्षा,
246 _aKāmāyanī kī parakha: pāṭhālochan tathā pāribhāṣhik shabadāvalī' - do sarvathā nūtan shodhātmak nibandhoan sahati kāmāyanī kī sarvāangīṇ vishad samīkṣhā parīkṣhā,
260 _c1968
650 _aहिन्दी साहित्य
_9156264
942 _hO152,1M89,18:g, K8
_cTEXL
_2CC
999 _c318685
_d318685